Normal view
MARC view
Entry Topical Term
001 - CONTROL NUMBER
- control field: 27008
003 - CONTROL NUMBER IDENTIFIER
- control field: ARRUPE
005 - DATE AND TIME OF LATEST TRANSACTION
- control field: 20161026115128.0
008 - FIXED-LENGTH DATA ELEMENTS
- fixed length control field: 161026|| aca||aabn | a|a d
040 ## - CATALOGING SOURCE
- Original cataloging agency: ARRUPE
- Transcribing agency: ARRUPE
150 ## - HEADING--TOPICAL TERM
- Topical term or geographic name as entry element: Arts, Zimbabwean
- Geographic subdivision: Harare.
670 ## - SOURCE DATA FOUND
- Source citation: Work cat.: (ARRUPE)0: Ngugi Wa Mirii 24914, Community arts and the question of culture in the city of Harare :, 1987